El desafío de la racionalidad /

Se estudian ocho posiciones en torno al problema de la racionalidad científica. En cada una se aborda un autor que se considera representativo del desarrollo de la filosofía de la ciencia moderna, que se inicia en 1929 con el Círculo de Viena cuando hizo público su manifiesto programático. Los autor...

Descripción completa

Guardado en:
Detalles Bibliográficos
Autor principal: Artigas, Mariano (autor)
Formato: Libro
Idioma:Español
Publicado: Pamplona, España : Universidad de Navarra, 1999, c1994
Edición:2a edición
Colección:(Colección Filosófica ; 88)
Temas:
Etiquetas: Agrega una etiqueta
Sin etiquetas, Sé el primero en etiquetar este registro!

MARC

LEADER 00000nam^a2200000^a^4500
001 000272541
005 20250521000000.0
009 20260310111103.814
020 |a 84-313-1307-2 
037 |a Acervo ITESO - Biblioteca 
041 |a ESP 
082 |a 121.  |b ART 
100 |a Artigas, Mariano  |e (autor) 
245 1 3 |a El desafío de la racionalidad /  |c M. Artigas. 
250 |a 2a edición 
264 4 |a Pamplona, España :  |b Universidad de Navarra,  |c 1999, c1994 
300 |a 188 p. 
336 |a texto  |b txt  |2 rdacontenido 
337 |a sin mediación  |b n  |2 rdamedio 
338 |a volumen  |b nc  |2 rdasoporte 
440 1 |a (Colección Filosófica ;  |v 88) 
520 |a Se estudian ocho posiciones en torno al problema de la racionalidad científica. En cada una se aborda un autor que se considera representativo del desarrollo de la filosofía de la ciencia moderna, que se inicia en 1929 con el Círculo de Viena cuando hizo público su manifiesto programático. Los autores son: Karl R. Popper, Thomas S. Kuhn, Imre Lakatos, Paul K. Feyerabend, Wolfgang Stegmüller, Stephen Toulmin y Mario Bunge. 
649 |a XX 
650 |a Epistemología -  |x Historia -  |x Siglo XX -  |x Tema Principal 
650 |a Epistemología -  |x Tema Principal 
650 |a Filosofía 
650 |a Ciencia 
910 |a Fondo General 
920 |a Impresos - Libros 
930 |a Colección General 
905 |a 101 
901 |a 0500158198  |b IT1  |c ACC  |u 20250521 
902 |a https://opac.biblio.iteso.mx/vufind/Record/000272541